Statistics for Svenska Ordspråk

Click here to take the quiz!

General Stats

  • This quiz has been taken 607 times
  • The average score is 5 of 10

Answer Stats

HintAnswer% Correct
Borta bra, men...hemma bäst
98%
Öga för öga...tand för tand
75%
Morgonstund har...guld i mun
65%
...varar längstÄrlighet
54%
...än illa fäktaBättre fly
41%
...är äldstGammal
36%
...är starkEnsam
31%
...som glimmarAllt är inte guld
22%
Bränt barn...skyr elden
18%
Den som söker...han finner
13%

Score Distribution

Percentile by Number Answered

Percent of People with Each Score

Your Score History

You have not taken this quiz